=LDR 00000nam 2200000 4500 =001 INLIS000000000038399 =005 20130612144053 =008 ***********************************Ind** =035 ##$$0010-061300000038399 =041 ##$$a Ind =082 ##$$a 634 =090 ##$$a 634, Rah a =100 ##$$a Rahadi, F =245 ##$$a Agar tanaman cepat berbuah, F. Rahadi ; Penyunting, Astutiningsih =260 ##$$a 2007 $b Jakarta =300 ##$$a viii,112 hlm, Ilus, 22 cm =650 ##$$a Buah - Buahan =700 ##$$a Astutiningsih =850 ##$$a NBPNMAT =990 ##$$a 21400613/BPAP-NTB/20142014 =990 ##$$a 21400613/BPAP-NTB/20142014 =990 ##$$a 0001/BPAP-NTB/20142015 =990 ##$$a 0001/BPAP-NTB/2015 =990 ##$$a 0001/BPAP-NTB/2016